MARC

LEADER 00000nam0a2200000 4500
001 259364
005 20231101233400.0
035 |a (RuTPU)RU\TPU\book\282306 
090 |a 259364 
100 |a 20140508d1986 m y0rusy50 ca 
101 0 |a rus 
102 |a RU 
105 |a a j 001zy 
200 1 |a Охрана труда в промышленности строительных материалов  |e учебное пособие  |f Д. В. Виноградов, В. Н. Ананьев  |g Московский инженерно-строительный институт (МИСИ) 
210 |a Москва  |c Изд-во МИСИ  |d 1986 
215 |a 113 с.  |c ил. 
320 |a Библиогр.: с. 111. 
606 1 |a Промышленность строительных материалов  |x Охрана труда  |2 stltpush  |3 (RuTPU)RU\TPU\subj\52343  |9 70828 
610 1 |a учебные пособия 
610 1 |a шум 
610 1 |a вибрация 
610 1 |a электрический ток 
610 1 |a поражения 
610 1 |a осветительные установки 
675 |a 691.002:658.382(075.8)  |v 3 
700 1 |a Виноградов  |b Д. В.  |g Дмитрий Васильевич 
701 1 |a Ананьев  |b В. Н.  |g Владимир Николаевич 
712 0 2 |a Московский инженерно-строительный институт (МИСИ)  |c (1921-1993)  |2 stltpush  |3 (RuTPU)RU\TPU\col\7908 
801 1 |a RU  |b 63413507  |c 20140508 
801 2 |a RU  |b 63413507  |c 20160331  |g RCR 
942 |c BK